000 00544nam a2200169 4500
001 108565
003 ES-MaACL
005 20230906184650.0
007 t|
008 061121m19111914fr r ||||1| fre d
100 1 _aMonluc, Blaise de.
_982234
245 1 0 _aCommentaries de Blaise de Monluc maréchal de France /
_cBlaise de Monluc; edition critique publiée et annotée par Paul Curteault.
260 _aParis :
_bA. Picard,
_c1911-1914.
300 _a2v. ;
_c23 cm.
700 1 _aCurteault, Paul.
_942237
852 _aES-MaACL
_jB-1318-1319
999 _c108565
_d108565